Films avec Bourvil - Mort subite - Statistiques

Statistiques générales
  • Ce quiz a été pris 437 fois
  • Le résultat moyen est 4 sur 12
Answers on the Grid
Answers color-coded by a green-red scale on the quiz's grid according to % correct below.
Le Schpountz
La Traversée de Paris
Pouic Pouic
Si Versailles m'était conté ...
Paris brûle-t-il ?
Le Corniaud
Le Jour le plus long
Le Grand chef
La Cuisine au beurre
Tout l'or du monde
La Folie des grandeurs
Jeux interdits
Les Cracks
Salade de fruits
La Grande vadrouille
La Bonne planque
La Tactique du gendarme
Garou-Garou, le passe-muraille
L'Eau ferrugineuse
Les Misérables
La Vache et le prisonnier
La Tendresse
Fortunat
Trois enfants dans le désordre
 
Statistiques - réponses
Réponse % Correct
La Traversée de Paris
87%
Le Corniaud
73%
La Grande vadrouille
50%
La Cuisine au beurre
48%
Le Jour le plus long
39%
Garou-Garou, le passe-muraille
19%
Les Cracks
19%
Les Misérables
19%
Fortunat
14%
Si Versailles m'était conté ...
13%
Trois enfants dans le désordre
7%
Tout l'or du monde
5%
Aucun quiz correspondant
Distribution des résultats
% des personnes avec chaque résultat
Percentile par nombre de réponses
Votre historique - résultats
Vous n’avez pas pris ce quiz